<?xml version="1.0" encoding="UTF-8"?>
<record
    xmlns:xsi="http://www.w3.org/2001/XMLSchema-instance"
    xsi:schemaLocation="http://www.loc.gov/MARC21/slim http://www.loc.gov/standards/marcxml/schema/MARC21slim.xsd"
    xmlns="http://www.loc.gov/MARC21/slim">

  <leader>02003nam a2200517   4500</leader>
  <datafield tag="999" ind1=" " ind2=" ">
    <subfield code="c">23263</subfield>
    <subfield code="d">23263</subfield>
  </datafield>
  <controlfield tag="001">vtls012135983</controlfield>
  <controlfield tag="005">20220615113620.0</controlfield>
  <controlfield tag="008">220520s2021    xo oc    bhi  001 0dslo d</controlfield>
  <datafield tag="020" ind1=" " ind2=" ">
    <subfield code="a">9788097403607</subfield>
    <subfield code="q">(viazan&#xE9;)</subfield>
  </datafield>
  <datafield tag="040" ind1=" " ind2=" ">
    <subfield code="a">SNMK</subfield>
    <subfield code="b">slo</subfield>
    <subfield code="c">SNMK</subfield>
    <subfield code="e">rda</subfield>
  </datafield>
  <datafield tag="041" ind1="0" ind2=" ">
    <subfield code="a">slo</subfield>
  </datafield>
  <datafield tag="044" ind1=" " ind2=" ">
    <subfield code="a">xo</subfield>
    <subfield code="c">SK</subfield>
  </datafield>
  <datafield tag="072" ind1=" " ind2="7">
    <subfield code="a">821.162.4.09</subfield>
    <subfield code="x">Slovensk&#xE1; literat&#xFA;ra  (o nej)</subfield>
    <subfield code="2">konspekt</subfield>
  </datafield>
  <datafield tag="072" ind1=" " ind2="7">
    <subfield code="a">929</subfield>
    <subfield code="x">Biografie</subfield>
    <subfield code="2">konspekt</subfield>
  </datafield>
  <datafield tag="080" ind1=" " ind2=" ">
    <subfield code="a">821.162.4-1</subfield>
    <subfield code="2">2011</subfield>
  </datafield>
  <datafield tag="080" ind1=" " ind2=" ">
    <subfield code="a">82&#x2011;1</subfield>
    <subfield code="2">2011</subfield>
  </datafield>
  <datafield tag="080" ind1=" " ind2=" ">
    <subfield code="a">82.02/.09</subfield>
    <subfield code="2">2011</subfield>
  </datafield>
  <datafield tag="080" ind1=" " ind2=" ">
    <subfield code="a">82.09</subfield>
    <subfield code="2">2011</subfield>
  </datafield>
  <datafield tag="080" ind1=" " ind2=" ">
    <subfield code="a">82-92</subfield>
    <subfield code="2">2011</subfield>
  </datafield>
  <datafield tag="080" ind1=" " ind2=" ">
    <subfield code="a">012</subfield>
    <subfield code="2">2011</subfield>
  </datafield>
  <datafield tag="080" ind1=" " ind2=" ">
    <subfield code="a">929(092)</subfield>
    <subfield code="2">2011</subfield>
  </datafield>
  <datafield tag="245" ind1="0" ind2="0">
    <subfield code="a">Jozef Leikert</subfield>
    <subfield code="b">person&#xE1;lna bibliografia (1974-2021)</subfield>
    <subfield code="c">zodpovedn&#xFD; redaktor: PhDr. Vladim&#xED;r Grigar ; zostavila: Mgr. Miroslava Hajtm&#xE1;nkov&#xE1;</subfield>
  </datafield>
  <datafield tag="264" ind1=" " ind2="1">
    <subfield code="a">Bratislava</subfield>
    <subfield code="b">Veda, vydavate&#x13E;stvo SAV</subfield>
    <subfield code="c">2021</subfield>
  </datafield>
  <datafield tag="300" ind1=" " ind2=" ">
    <subfield code="a">453 str&#xE1;n, 16 str&#xE1;n obrazov&#xFD;ch pr&#xED;loh</subfield>
    <subfield code="b">fotografie, portr&#xE9;ty</subfield>
    <subfield code="c">25 cm</subfield>
  </datafield>
  <datafield tag="336" ind1=" " ind2=" ">
    <subfield code="a">text</subfield>
    <subfield code="b">txt</subfield>
    <subfield code="2">rdacontent</subfield>
  </datafield>
  <datafield tag="337" ind1=" " ind2=" ">
    <subfield code="a">bez m&#xE9;dia</subfield>
    <subfield code="b">n</subfield>
    <subfield code="2">rdamedia</subfield>
  </datafield>
  <datafield tag="338" ind1=" " ind2=" ">
    <subfield code="a">zv&#xE4;zok</subfield>
    <subfield code="b">nc</subfield>
    <subfield code="2">rdacarrier</subfield>
  </datafield>
  <datafield tag="600" ind1="1" ind2="7">
    <subfield code="a">Leikert, Jozef,</subfield>
    <subfield code="d">1955-</subfield>
    <subfield code="2">SNKMA</subfield>
    <subfield code="9">3147</subfield>
  </datafield>
  <datafield tag="650" ind1="0" ind2="7">
    <subfield code="a">slovensk&#xE1; po&#xE9;zia</subfield>
    <subfield code="2">SNKPH</subfield>
    <subfield code="9">1837</subfield>
  </datafield>
  <datafield tag="650" ind1="0" ind2="7">
    <subfield code="a">slovensk&#xED; b&#xE1;snici</subfield>
    <subfield code="2">SNKPH</subfield>
    <subfield code="9">3148</subfield>
  </datafield>
  <datafield tag="650" ind1="0" ind2="7">
    <subfield code="a">interpret&#xE1;cia a prijatie liter&#xE1;rneho diela</subfield>
    <subfield code="2">SNKPH</subfield>
    <subfield code="9">3149</subfield>
  </datafield>
  <datafield tag="650" ind1="0" ind2="7">
    <subfield code="a">liter&#xE1;rnovedn&#xE9; rozbory</subfield>
    <subfield code="2">SNKPH</subfield>
    <subfield code="9">3150</subfield>
  </datafield>
  <datafield tag="650" ind1="0" ind2="7">
    <subfield code="a">publicistika (literat&#xFA;ra)</subfield>
    <subfield code="2">SNKPH</subfield>
    <subfield code="9">3151</subfield>
  </datafield>
  <datafield tag="650" ind1="0" ind2="7">
    <subfield code="a">Slovak poetry</subfield>
    <subfield code="2">SNKPHeng</subfield>
    <subfield code="9">3152</subfield>
  </datafield>
  <datafield tag="650" ind1="0" ind2="7">
    <subfield code="a">Slovak poets</subfield>
    <subfield code="2">SNKPHeng</subfield>
    <subfield code="9">3153</subfield>
  </datafield>
  <datafield tag="650" ind1="0" ind2="7">
    <subfield code="a">Interpretation and reception of literature</subfield>
    <subfield code="2">SNKPHeng</subfield>
    <subfield code="9">3154</subfield>
  </datafield>
  <datafield tag="650" ind1="0" ind2="7">
    <subfield code="a">Literary criticism and history</subfield>
    <subfield code="2">SNKPHeng</subfield>
    <subfield code="9">3155</subfield>
  </datafield>
  <datafield tag="650" ind1="0" ind2="7">
    <subfield code="a">Publicistics (literature)</subfield>
    <subfield code="2">SNKPHeng</subfield>
    <subfield code="9">3156</subfield>
  </datafield>
  <datafield tag="655" ind1=" " ind2="7">
    <subfield code="a">person&#xE1;lne bibliografie</subfield>
    <subfield code="2">SNKPH</subfield>
    <subfield code="9">3157</subfield>
  </datafield>
  <datafield tag="655" ind1=" " ind2="7">
    <subfield code="a">biografie</subfield>
    <subfield code="2">SNKPH</subfield>
    <subfield code="9">1756</subfield>
  </datafield>
  <datafield tag="655" ind1=" " ind2="7">
    <subfield code="a">Personal bibliography</subfield>
    <subfield code="2">SNKPHeng</subfield>
    <subfield code="9">3158</subfield>
  </datafield>
  <datafield tag="655" ind1=" " ind2="7">
    <subfield code="a">iography</subfield>
    <subfield code="2">SNKPHeng</subfield>
    <subfield code="9">3159</subfield>
  </datafield>
  <datafield tag="700" ind1="1" ind2=" ">
    <subfield code="a">Grigar, Vladim&#xED;r,</subfield>
    <subfield code="d">1955-</subfield>
    <subfield code="4">red</subfield>
    <subfield code="9">3160</subfield>
  </datafield>
  <datafield tag="700" ind1="1" ind2=" ">
    <subfield code="a">Hajtm&#xE1;nkov&#xE1;, Miroslava</subfield>
    <subfield code="4">com</subfield>
    <subfield code="9">3161</subfield>
  </datafield>
  <datafield tag="952" ind1=" " ind2=" ">
    <subfield code="0">0</subfield>
    <subfield code="1">0</subfield>
    <subfield code="2">udc</subfield>
    <subfield code="4">0</subfield>
    <subfield code="7">0</subfield>
    <subfield code="8">D</subfield>
    <subfield code="a">10000</subfield>
    <subfield code="b">10000</subfield>
    <subfield code="d">2022-06-15</subfield>
    <subfield code="i">21596</subfield>
    <subfield code="o">S1523</subfield>
    <subfield code="p">S1523</subfield>
    <subfield code="r">2022-06-15</subfield>
    <subfield code="w">2022-06-15</subfield>
    <subfield code="y">OLDO</subfield>
  </datafield>
</record>
